|
|
|
|
| LEADER |
00000nbm0a2200000 4500 |
| 001 |
58365 |
| 005 |
20231031055038.0 |
| 035 |
|
|
|a (RuTPU)RU\TPU\book\61648
|
| 090 |
|
|
|a 58365
|
| 100 |
|
|
|a 20031201j20031105k y0rusy50 ca
|
| 101 |
0 |
|
|a rus
|
| 102 |
|
|
|a RU
|
| 105 |
|
|
|a a m 001zy
|
| 200 |
1 |
|
|a Разработка ультразвукового метода и средств автоматизированного контроля плотности нефтепродуктов
|e диссертация на соискание ученой степени кандидата технических наук
|e спец. 05.11.13
|f Н. В. Шаверин
|g Томский политехнический университет (ТПУ), Научно-исследовательский институт интроскопии (НИИ ИН) ; науч. рук. В. Л. Чахлов
|
| 210 |
|
|
|a Томск
|d 2003
|
| 215 |
|
|
|a 212 л.
|c ил.
|
| 229 |
|
|
|a Защищена 05.11.2003 г.
|
| 320 |
|
|
|a Библиогр.: с. 168-182 (159 назв.)
|
| 610 |
1 |
|
|a химическая технология
|
| 610 |
1 |
|
|a нефтепродукты
|
| 610 |
1 |
|
|a плотность
|
| 610 |
1 |
|
|a автоматизированный контроль
|
| 610 |
1 |
|
|a ультразвуковые методы
|
| 610 |
1 |
|
|a жидкости
|
| 610 |
1 |
|
|a свойства
|
| 610 |
1 |
|
|a диссертации
|
| 610 |
1 |
|
|a труды учёных ТПУ
|
| 675 |
|
|
|a 665.71(04)
|v 3
|
| 686 |
|
|
|a 05.11.13
|2 oksvnk
|
| 700 |
|
1 |
|a Шаверин
|b Н. В.
|g Никита Владимирович
|
| 702 |
|
1 |
|a Чахлов
|b В. Л.
|c физик
|c заслуженный деятель науки и техники Российской Федерации
|c заслуженный профессор Томского политехнического университета, доктор технических наук
|f 1934-2011
|g Владимир Лукьянович
|2 stltpush
|3 (RuTPU)RU\TPU\pers\19882
|4 727
|
| 712 |
0 |
2 |
|a Томский политехнический университет (ТПУ)
|b Научно-исследовательский институт интроскопии (НИИ ИН)
|2 stltpush
|3 (RuTPU)RU\TPU\col\863
|
| 801 |
|
1 |
|a RU
|b 63413507
|c 20031201
|g PSBO
|
| 801 |
|
2 |
|a RU
|b 63413507
|c 20230628
|g PSBO
|
| 942 |
|
|
|c BK
|